| 000 | 011440000a22002170004500 | ||
|---|---|---|---|
| 020 | _a84-7228-604-5 | ||
| 041 | 0 | _aSPA | |
| 082 | 0 | 4 | _aG 173 B3685c |
| 100 | 1 | _aBeardsley, Lou | |
| 245 | 1 | 0 | _aCómo transformar su vida de familia en una historia de amor / Lou Beardsley ; Bárbara Marcos, Traductor |
| 260 | _aTerrassa, Barcelona, España : CLIE | ||
| 300 | _a136 Pag. | ||
| 500 | _aTítulo original : A family love history | ||
| 505 | 0 | 0 | _aUno en cada familia -- cuatro hijos, cuatro temperamentos -- "hogar, dulce hogar" -- ¿recuerdas cuando sólo llevaban melena los músicos? -- el probador de unos almacenes, o la claustrofobia de Conny -- las citas: ¿una delicia o un desastre? -- ayúdeles a reencontrar el camino -- la familia de nuestra iglesia -- libertad en el señor -- cuando vienen los problemas -- ¿y las enseñanzas, qué? -- futuros parientes políticos -- no lo predique... ívívalo! -- oren, jueguen y pasen el tiempo juntos |
| 650 | 1 | 4 | _aFAMILIA - VIDA RELIGIOSA |
| 001 | 1224 | ||
| 942 | _cBK | ||
| 999 |
_c32547 _d32547 |
||
| 336 |
_atexto _btxt _2rdacontent |
||
| 337 |
_2rdamedia _asin mediación _bn |
||
| 338 |
_2rdacarrier _avolumen _bnc |
||